000 01878cam a22003974i 4500
003 PE-LiUPU
005 20250731175637.0
008 150706s r 000 0 d
020 _a9780764138614
035 _a(Sirsi) i9780764138614
040 _aPE-LiUPU
_bspa
_cPE-LiUPU
_erda
049 _aPRUA
082 0 4 _a413.21
_bE39
_221
100 1 _aElizabeth, Mary,
_eautor.
245 1 0 _aBarron's american slang :
_bdictionary and thesaurus /
_cMary Elizabeth .
264 1 _aHauppauge, NY :
_b Barrons Educational Series,
_c 2009.
300 _a596 páginas :
_bilustraciones ;
_c23 centímetros
336 _atext
_2rdacontent
337 _aunmediated
_2rdamedia
338 _avolume
_2rdacarrier
505 0 _aDictionary of slang -- Thesaurus of slang -- Communication -- Feelings and states -- Expressing Feelings, states, and attitudes -- Qualities of people and things -- Types of people -- Types of things -- The use and abuse of power -- Confrontation and competition -- Deceit and treachery -- Progress and decline -- Thinking -- Money
_ -- Quantity, size, and number -- Speed and travel -- Patterns of language illustrations.- Teaching with slang.
526 _aP145
526 _aP127
526 _aP97
526 _aP35
526 _aP14
526 _aP07
541 _g016-0016272;
650 1 4 _aIngles
_vDiccionarios.
910 _agl
_bjck
_d20101012
942 _2ddc
_cBOOK
949 _a413.21 E39
_wDEWEY
_c1
_i62158
_lCCODEBUL1
_mBUL
_p19.00
_r0
_sY
_tBOOK
_u2015-7-6
_xEDUCACION
_PP20
_0COMPRA
_o.STAFF. Colección General
994 _aC0
_bPEPRU
596 _a1
999 _a413.21 E39
_wDEWEY
_c51242
_i62158
_f2021-11-8
_g5
_lCCODEBUL1
_mBUL
_p19.00
_r0
_sN
_tBOOK
_u2015-7-6
_xEDUCACION
_PP20
_0COMPRA
_o.STAFF. Colección General
_d51242
980 _81
_gALBERTO SANCHEZ Responsable de Automatización